[Event "PRO League Group Stage"]
[Site "chess.com INT"]
[Date "2019.02.26"]
[Round "8"]
[White "Azarov, Sergei"]
[Black "Rodrigue-Lemieux, Shawn"]
[Result "1/2-1/2"]
[WhiteTitle "GM"]
[BlackTitle "FM"]
[WhiteElo "2575"]
[BlackElo "2293"]
[WhiteTeam "New York Marshalls"]
[BlackTeam "Montreal Chessbrahs"]
[WhiteFideId "13501470"]
[BlackFideId "2620049"]
[EventDate "2019.01.08"]

1. e4 c6 2. d4 d5 3. e5 Bf5 4. Nf3 e6 5. Be2 Bb4+ 6. c3 Ba5 7. Nbd2 Nd7 8. Nf1
Bc7 9. Ng3 Bg6 10. O-O f6 11. exf6 Ngxf6 12. Ng5 Qe7 13. Bg4 Nxg4 14. Qxg4 Bxg3
15. hxg3 Bf5 16. Qh5+ g6 17. Qe2 h6 18. Nf3 g5 19. Ne5 O-O 20. Nxd7 Qxd7 21. g4
Bg6 22. Bd2 Rae8 23. Rae1 Qh7 24. Qe5 Bd3 25. f3 Bxf1 26. Rxf1 Qg7 27. Re1 Qxe5
28. Rxe5 Kf7 29. Be1 Rc8 30. Re2 b6 31. Bg3 Rfd8 32. Be5 c5 33. Kf2 Rc6 34. Re1
Rdc8 35. a3 a5 36. Rh1 Kg6 37. Re1 Re8 38. g3 c4 39. f4 b5 40. Kf3 Re7 41. Ke3
b4 42. axb4 axb4 43. Ra1 bxc3 44. bxc3 h5 45. fxg5 Kxg5 46. Bf4+ Kxg4 47. Rh1
Rh7 48. Rh4+ Kf5 49. Be5 Kg6 50. g4 Ra6 51. Kf4 Rf7+ 52. Kg3 Ra3 53. gxh5+ Kh7
54. Rh2 Rxc3+ 55. Kg4 Rc1 56. Ra2 Rg1+ 57. Kh4 Rg8 58. Ra6 Rc8 59. Rxe6 c3 60.
Kg5 Kg8 61. Rh6 Rh7 62. Rg6+ Kf8 63. Bd6+ Ke8 64. Rg8+ Kd7 65. Rxc8 Kxc8 66. h6
c2 67. Ba3 Rf7 68. Kg6 Rf3 69. h7 Rg3+ 70. Kf7 Rh3 71. Kg7 Kd7 72. h8=Q Rxh8 73.
Kxh8 Ke6 74. Kg7 Kf5 75. Kf7 Ke4 76. Bb2 c1=Q 77. Bxc1 Kxd4 78. Ke6 Kd3 79. Kxd5 1/2-1/2

[Event "PRO League Group Stage"]
[Site "chess.com INT"]
[Date "2019.02.26"]
[Round "8"]
[White "Yu, Jennifer"]
[Black "Caruana, Fabiano"]
[Result "0-1"]
[WhiteTitle "FM"]
[BlackTitle "GM"]
[WhiteElo "2313"]
[BlackElo "2828"]
[WhiteTeam "Pittsburgh Pawngrabbers"]
[BlackTeam "Saint Louis Arch Bishops"]
[WhiteFideId "2078341"]
[BlackFideId "2020009"]
[EventDate "2019.01.08"]

1. c4 e5 2. Nc3 Nc6 3. Nf3 Nf6 4. d4 exd4 5. Nxd4 Bb4 6. e3 O-O 7. Be2 Bxc3+ 8.
bxc3 Ne5 9. O-O d6 10. Qc2 c5 11. Nf3 Be6 12. Nd2 Re8 13. e4 Nc6 14. f3 Nd7 15.
a4 Na5 16. Rb1 Nb6 17. Qa2 f5 18. Rb5 Nd7 19. Bd3 f4 20. Rd1 Ne5 21. Bf1 g5 22.
Nb3 Nxb3 23. Qxb3 b6 24. a5 Rb8 25. axb6 axb6 26. Kf2 Qc7 27. Qa2 Ra8 28. Qb3
Ra6 29. Bb2 Kg7 30. Be2 Bd7 31. Qc2 Ra2 32. Qb1 Rea8 33. Rb3 Be6 34. Bc1 Bxc4
35. Rb2 Rxb2 36. Bxb2 b5 37. Rd2 Bxe2 38. Rxe2 c4 39. Bc1 Nd3+ 40. Kf1 Qa5 41.
Rc2 Qa4 42. g3 Qb3 0-1

[Event "PRO League Group Stage"]
[Site "chess.com INT"]
[Date "2019.02.26"]
[Round "8"]
[White "Le, Tuan Minh"]
[Black "So, Wesley"]
[Result "1-0"]
[WhiteTitle "IM"]
[BlackTitle "GM"]
[WhiteElo "2515"]
[BlackElo "2765"]
[WhiteTeam "Pittsburgh Pawngrabbers"]
[BlackTeam "Saint Louis Arch Bishops"]
[WhiteFideId "12401153"]
[BlackFideId "5202213"]
[EventDate "2019.01.08"]

1. d4 Nf6 2. Nf3 d5 3. Bf4 c5 4. c3 Nc6 5. e3 e6 6. Nbd2 cxd4 7. exd4 Nh5 8. Be5
f6 9. Bg3 g6 10. Be2 Bg7 11. O-O O-O 12. c4 Nxg3 13. hxg3 f5 14. Nb3 g5 15. cxd5
exd5 16. Bb5 f4 17. gxf4 Bg4 18. Bxc6 bxc6 19. Qd3 Bxf3 20. Qxf3 Rxf4 21. Qc3
Qd6 22. Rac1 Rh4 23. g3 Rh6 24. Qf3 Qd7 25. Qg2 Rf8 26. Rfe1 a5 27. a4 Qb7 28.
Nxa5 Qd7 29. Nb3 Qg4 30. Rxc6 Rxc6 31. Qxd5+ Kh8 32. Qxc6 Qf5 33. Re2 Qd3 34.
Qc2 Qf3 35. Re3 Qg4 36. a5 h5 37. Qe2 Qh3 38. a6 1-0

[Event "PRO League Group Stage"]
[Site "chess.com INT"]
[Date "2019.02.26"]
[Round "8"]
[White "Niemann, Hans"]
[Black "Erenburg, Sergey"]
[Result "0-1"]
[WhiteTitle "IM"]
[BlackTitle "GM"]
[WhiteElo "2466"]
[BlackElo "2589"]
[WhiteTeam "Saint Louis Arch Bishops"]
[BlackTeam "Pittsburgh Pawngrabbers"]
[WhiteFideId "2093596"]
[BlackFideId "2805642"]
[EventDate "2019.01.08"]

1. d4 d5 2. c4 e6 3. Nf3 Nf6 4. Nc3 c6 5. Bg5 h6 6. Bh4 Nbd7 7. cxd5 cxd5 8. Rc1
Be7 9. e3 a6 10. Bd3 b5 11. a4 b4 12. Ne2 Bb7 13. O-O O-O 14. Bg3 Rc8 15. Rxc8
Qxc8 16. Qb1 Qa8 17. Rc1 Rc8 18. Ne5 Nxe5 19. Bxe5 Ne4 20. Rxc8+ Qxc8 21. Qc1
Qd7 22. f3 Nd6 23. b3 Ne8 24. Bb1 Qc8 25. Qxc8 Bxc8 26. Nc1 f6 27. Bb8 Nd6 28.
Ba7 Nb7 29. Bd3 Na5 30. Bb6 Nc6 31. Kf2 Kf7 32. Be2 Bd8 33. Bxd8 Nxd8 34. Nd3 a5
35. e4 dxe4 36. fxe4 Nc6 37. Ke3 e5 38. dxe5 fxe5 39. Nc5 Ke7 40. Bc4 Kd6 41.
Nd3 Nd4 42. Nb2 Be6 43. Kd3 Bc8 44. Nd1 Bg4 45. Ne3 Be2+ 46. Kd2 Bh5 47. Nf5+
Nxf5 48. exf5 e4 49. Ke3 Ke5 50. h3 Bd1 51. g4 Bf3 52. Bf1 Bd1 53. Bc4 h5 54.
gxh5 Kxf5 55. Bf7 Ke5 56. h4 Bg4 57. Bg6 Be6 58. Bxe4 Bxb3 59. Bc6 Bd1 60. Be8
b3 61. Kd2 b2 62. Bg6 Bxh5 63. Bb1 Kd4 64. Bh7 Be8 65. Kc2 Bxa4+ 66. Kxb2 Bd7
67. Kb3 Ke5 68. Bg6 Kf4 69. Kc4 Kg4 70. h5 Kg5 71. Kb3 Bf5 72. Bf7 Bd7 73. Bg6
Bb5 74. Ka3 Be2 75. Ka4 Bxh5 76. Bh7 Kf4 77. Bg8 g5 78. Be6 Bg4 79. Bb3 Bd7+ 80.
Kxa5 g4 81. Bd5 g3 82. Kb4 Bg4 83. Bg2 Bf3 84. Bh3 Ke3 85. Kc3 Kf2 86. Kd2 Bg4 0-1

[Event "PRO League Group Stage"]
[Site "chess.com INT"]
[Date "2019.02.26"]
[Round "8"]
[White "Rosenthal, Nicholas"]
[Black "Postny, Evgeny"]
[Result "0-1"]
[BlackTitle "GM"]
[WhiteElo "2180"]
[BlackElo "2623"]
[WhiteTeam "Saint Louis Arch Bishops"]
[BlackTeam "Pittsburgh Pawngrabbers"]
[WhiteFideId "2045150"]
[BlackFideId "2804344"]
[EventDate "2019.01.08"]

1. e4 e5 2. Nf3 Nc6 3. Nc3 Nf6 4. d4 exd4 5. Nxd4 Bb4 6. Nxc6 bxc6 7. Bd3 O-O 8.
O-O d5 9. exd5 cxd5 10. h3 c6 11. Qf3 Be6 12. Bf4 Bd6 13. Rfe1 Qb8 14. Bxd6 Qxd6
15. b3 c5 16. Rad1 Rad8 17. Ne2 Rfe8 18. Ng3 Bd7 19. Nf5 Bxf5 20. Qxf5 g6 21.
Qf3 Kg7 22. g3 Re5 23. Kg2 Rde8 24. Rxe5 Qxe5 25. a4 h5 26. Rd2 Qc3 27. Re2 Rxe2
28. Qxe2 h4 29. g4 Qd4 30. Qe3 Qxe3 31. fxe3 Nd7 32. Kf2 Kf6 33. c3 a5 34. Bf1
Ke5 35. Bg2 Nb6 36. Bf3 c4 37. Bd1 cxb3 38. Bxb3 Nd7 39. Ke2 Nc5 40. Bc2 Ne4 41.
Bxe4 Kxe4 42. g5 Kf5 43. Kd3 Kxg5 44. Kd4 Kf5 45. Kxd5 g5 46. c4 g4 47. e4+ Kf4
48. c5 gxh3 49. c6 h2 50. c7 h1=Q 51. c8=Q Qd1+ 0-1

[Event "PRO League Group Stage"]
[Site "chess.com INT"]
[Date "2019.02.26"]
[Round "8"]
[White "Eljanov, Pavel"]
[Black "Tan, Justin2"]
[Result "1-0"]
[WhiteTitle "GM"]
[BlackTitle "GM"]
[WhiteElo "2680"]
[BlackElo "2502"]
[WhiteTeam "Miami Champions"]
[BlackTeam "London Lions"]
[WhiteFideId "14102951"]
[BlackFideId "3206882"]
[EventDate "2019.01.08"]

1. Nf3 c5 2. c4 Nc6 3. Nc3 g6 4. g3 Bg7 5. Bg2 d6 6. O-O e6 7. e3 Nge7 8. d4 O-O
9. Re1 Rb8 10. Rb1 b6 11. b3 d5 12. cxd5 exd5 13. Ba3 Re8 14. Rc1 cxd4 15. exd4
Bg4 16. Nb5 Qd7 17. Bd6 Rbc8 18. Bf4 Nf5 19. Rxe8+ Rxe8 20. Qd2 Bxf3 21. Bxf3
Ncxd4 22. Nxd4 Nxd4 23. Qd3 Nxf3+ 24. Qxf3 Qf5 25. Kg2 d4 26. Rc7 d3 27. Bd2 Bd4
28. Qxf5 gxf5 29. Rd7 Bxf2 30. Rxd3 Bc5 31. Bh6 Re2+ 32. Kf1 Rf2+ 33. Ke1 f6 34.
b4 Rxh2 35. bxc5 Rh1+ 36. Ke2 bxc5 37. Be3 Rh2+ 38. Bf2 Kf7 39. Rc3 f4 40. gxf4
h5 41. Rxc5 h4 42. Ra5 h3 43. Kf3 Rh1 44. Rxa7+ Kg6 45. Ra8 Kg7 46. Ra5 Kg6 47.
Kg3 h2 48. f5+ Kh5 49. Ba7 Rf1 50. Kxh2 Kg4 51. a4 Rxf5 52. Bc5 Kf3 53. Rb5 Ke4
54. Bg1 Re5 55. Kg2 f5 56. Bh2 Rd5 57. Rb4+ Rd4 58. Rb5 Rxa4 59. Re5+ Kd4 60.
Rxf5 Ra2+ 61. Kh3 Ke4 62. Re5+ Kd4 63. Bf4 Ra3+ 64. Kg4 Ra2 65. Re8 Kd5 66. Kf5
Rf2 67. Rd8+ Kc4 68. Ke4 Re2+ 69. Be3 Re1 70. Rc8+ Kb5 71. Rc2 Rh1 72. Bd4 Rh4+
73. Kd5 Rh5+ 74. Be5 Rh4 75. Rc8 Rb4 76. Bd4 Ka4 77. Bc3 Rb7 78. Kc4 Rb4+ 79.
Kd3 Rb7 80. Bd4 Kb4 81. Rc1 Rh7 82. Rb1+ Ka5 83. Kc4 Rc7+ 84. Bc5 Rh7 85. Ra1# 1-0

[Event "PRO League Group Stage"]
[Site "chess.com INT"]
[Date "2019.02.26"]
[Round "8"]
[White "Harvey, Marcus R"]
[Black "Wang, Tianqi"]
[Result "1-0"]
[WhiteTitle "FM"]
[WhiteElo "2397"]
[BlackElo "2329"]
[WhiteTeam "London Lions"]
[BlackTeam "Miami Champions"]
[WhiteFideId "400092"]
[BlackFideId "2063824"]
[EventDate "2019.01.08"]

1. Nf3 Nf6 2. b3 e6 3. Bb2 b6 4. e3 Bb7 5. Be2 c5 6. O-O Be7 7. c4 d6 8. d4 O-O
9. Nc3 a6 10. Qc2 cxd4 11. Nxd4 Qc7 12. Rac1 Nbd7 13. Rfd1 Rfd8 14. Bf3 Rac8 15.
Qe2 Ne5 16. Bxb7 Qxb7 17. h3 h6 18. Rc2 Nc6 19. Nxc6 Qxc6 20. Rcd2 Rb8 21. a4
Rbc8 22. Qf3 Qc7 23. Ne4 Nxe4 24. Qxe4 Bf8 25. Qf4 Qc6 26. Ba3 b5 27. cxb5 axb5
28. Bxd6 bxa4 29. bxa4 Ra8 30. Rd4 f6 31. Bxf8 Rxd4 32. Qxd4 Kxf8 33. Ra1 Kf7
34. Qb4 g5 35. a5 Kg6 36. Qb1+ Kg7 37. Qd3 Ra6 38. Qd4 h5 39. h4 gxh4 40. Qxh4
Qc3 41. Qa4 Kg6 42. Qa3 Qd2 43. Qc5 e5 44. Qb5 Qd6 45. Kh2 e4+ 46. Kg1 f5 47. g3
Kg5 48. Qb2 Kg6 49. Qb5 Kg5 50. Qb7 Qf6 51. Kg2 Kh6 52. Rb1 1-0

[Event "PRO League Group Stage"]
[Site "chess.com INT"]
[Date "2019.02.26"]
[Round "8"]
[White "Iturrizaga Bonelli, Eduardo"]
[Black "Jones, Gawain C B"]
[Result "1/2-1/2"]
[WhiteTitle "GM"]
[BlackTitle "GM"]
[WhiteElo "2637"]
[BlackElo "2691"]
[WhiteTeam "Miami Champions"]
[BlackTeam "London Lions"]
[WhiteFideId "3901211"]
[BlackFideId "409561"]
[EventDate "2019.01.08"]

1. Nf3 g6 2. c4 c5 3. Nc3 Bg7 4. g3 Nc6 5. Bg2 e5 6. O-O Nge7 7. Ne1 O-O 8. Nc2
Rb8 9. a3 a6 10. b4 cxb4 11. axb4 b5 12. c5 a5 13. Ba3 d5 14. cxd6 Qxd6 15. bxa5
b4 16. Ne4 Qc7 17. Bb2 f5 18. Ng5 h6 19. Nh3 Nxa5 20. Ne3 Bb7 21. Bxb7 Rxb7 22.
Qa4 Nac6 23. Rfc1 Qd7 24. Qb3+ Kh7 25. Nc4 f4 26. Kg2 Nf5 27. Ng1 Nfd4 28. Qd3
b3 29. f3 e4 30. Qxe4 Re8 31. Qd3 Nxe2 32. Qxd7 Rxd7 33. Re1 Bxb2 34. Rab1 Nc3
35. Rxe8 Nxb1 36. Nxb2 Rxd2+ 37. Re2 Ne5 38. gxf4 Nc6 39. Rxd2 Nxd2 40. Ne2 Kg7
41. Kf2 Kf6 42. Ke3 Nf1+ 43. Kf2 Nd2 44. Ke3 Nb1 45. Ng3 Ke6 46. Ke4 Nc3+ 47.
Kd3 Nb5 48. Ne2 Kd5 49. Na4 Nb4+ 50. Ke3 Nc2+ 51. Kd3 Ne1+ 52. Ke3 Kc4 53. Nb2+
Kb4 54. Nd1 Ka3 55. Ke4 b2 56. Nxb2 Kxb2 57. Ke5 Nxf3+ 58. Kf6 Nh4 59. Kg7 h5
60. Kh6 Kc2 61. Kg5 Kd1 62. Ng1 Ng2 63. Kxg6 h4 64. Kg5 Nd4 65. Kg4 Kc2 66. f5
Kd3 67. f6 Ke4 68. f7 Ne6 69. Kh3 Ne3 70. Kxh4 Kf5 71. Nf3 Kf6 72. Ng5 Nf5+ 73.
Kh5 Nf8 74. Kg4 Nh6+ 75. Kh5 Kg7 76. h4 Nf5 77. Kg4 Nh6+ 78. Kh5 Nf5 79. Kg4 Kg6
80. Kf4 Nxh4 81. Kg4 Nf5 82. Kf4 Nh6 83. Ke5 Kxg5 84. Kd6 Kf6 85. Kd5 Nf5 86.
Ke4 Ne7 87. Kd4 Ke6 88. Ke4 Nc6 89. Kf4 Kd6 90. Ke4 Ke6 91. Kf4 Kd5 92. Ke3 Ne5
93. Kf4 Kd4 94. Kf5 Nd3 95. Kf6 Nc5 96. Ke7 Nce6 97. Kd6 Nf4 98. Ke7 N4g6+ 99.
Kd6 Kc4 100. Kc6 Ne6 101. Kd6 Ng5 102. f8=Q Nxf8 103. Ke5 Nd7+ 104. Kf5 Nf7 105.
Ke6 Nde5 106. Kf5 Kd5 107. Kf4 Nd6 108. Ke3 Nf5+ 109. Kf4 Nd4 110. Ke3 Ne6 111.
Kd2 Kd4 112. Ke2 Nf4+ 113. Kd2 Nc4+ 114. Kc2 Nd5 115. Kb3 Kd3 116. Ka4 Nd6 117.
Ka5 Kc4 118. Ka6 Kb4 119. Ka7 Kb5 120. Kb8 Kb6 121. Ka8 Nc7+ 122. Kb8 Ncb5 123.
Ka8 Nb7 124. Kb8 Na7 125. Ka8 Nc8 126. Kb8 Ne7 127. Ka8 Nd8 128. Kb8 Ne6 129.
Ka8 Nc7+ 130. Kb8 Nb5 131. Ka8 Nd4 132. Kb8 Ne6 133. Ka8 Ka5 1/2-1/2

[Event "PRO League Group Stage"]
[Site "chess.com INT"]
[Date "2019.02.26"]
[Round "8"]
[White "Le, Quang Liem"]
[Black "Lenderman, Aleksandr"]
[Result "1/2-1/2"]
[WhiteTitle "GM"]
[BlackTitle "GM"]
[WhiteElo "2714"]
[BlackElo "2637"]
[WhiteTeam "Webster Windmills"]
[BlackTeam "Montclair Sopranos"]
[WhiteFideId "12401137"]
[BlackFideId "2021285"]
[EventDate "2019.01.08"]

1. d4 Nf6 2. c4 e6 3. Nc3 d5 4. cxd5 Nxd5 5. e4 Nxc3 6. bxc3 c5 7. Nf3 cxd4 8.
cxd4 Bb4+ 9. Bd2 Bxd2+ 10. Qxd2 O-O 11. Bc4 Nd7 12. O-O b6 13. Rad1 Bb7 14. Rfe1
Rc8 15. Bb3 Qf6 16. h4 Rfd8 17. Qe3 Qh6 18. Qxh6 gxh6 19. Nh2 Nf6 20. f3 Rc7 21.
Kf2 b5 22. Ke3 Rdc8 23. Kd2 Rd8 24. Ke3 Rdc8 25. d5 exd5 26. e5 Nd7 27. Ng4 Kg7
28. Kf4 Nf8 29. Nf6 Ng6+ 30. Kg3 Ne7 31. Bxd5 Bxd5 32. Nxd5 Nxd5 33. Rxd5 Rc5
34. Rd6 Re8 35. f4 Re6 36. Rxe6 fxe6 37. Rd1 Kg6 38. Kf3 h5 39. Ke4 Rc4+ 40. Rd4
Rc2 41. Rd6 Rc4+ 42. Rd4 Rc2 43. a4 a6 44. axb5 axb5 45. Rb4 Rxg2 46. Rxb5 Re2+
47. Kf3 Ra2 48. Rb8 Ra3+ 49. Ke4 Ra4+ 50. Kf3 Ra3+ 51. Ke4 Ra4+ 52. Kf3 Ra3+ 53.
Ke4 1/2-1/2

[Event "PRO League Group Stage"]
[Site "chess.com INT"]
[Date "2019.02.26"]
[Round "8"]
[White "Durarbayli, Vasif"]
[Black "Smith, Daniel"]
[Result "1-0"]
[WhiteTitle "GM"]
[WhiteElo "2620"]
[BlackElo "2047"]
[WhiteTeam "Webster Windmills"]
[BlackTeam "Montclair Sopranos"]
[WhiteFideId "13402935"]
[BlackFideId "2024195"]
[EventDate "2019.01.08"]

1. d4 d5 2. Nf3 Nf6 3. Bf4 Bf5 4. e3 e6 5. c4 c6 6. Qb3 Qc8 7. Nc3 Nbd7 8. Rc1
Be7 9. Nh4 Bg4 10. h3 Bh5 11. g4 Bg6 12. g5 dxc4 13. Bxc4 Nh5 14. Bh2 Nb6 15.
Be2 Bxg5 16. Nxg6 hxg6 17. Ne4 Be7 18. Nd6+ Bxd6 19. Bxd6 Qd7 20. Bc5 Qd5 21.
Kd2 Nf6 22. f3 Nfd7 23. Qxd5 exd5 24. Bd6 Nf6 25. b3 O-O-O 26. Be5 Rh7 27. a4
Nbd7 28. Rxc6+ bxc6 29. Ba6# 1-0

[Event "PRO League Group Stage"]
[Site "chess.com INT"]
[Date "2019.02.26"]
[Round "8"]
[White "Guseinov, Gadir"]
[Black "Shimanov, Aleksandr"]
[Result "1-0"]
[WhiteTitle "GM"]
[BlackTitle "GM"]
[WhiteElo "2664"]
[BlackElo "2610"]
[WhiteTeam "Montclair Sopranos"]
[BlackTeam "Webster Windmills"]
[WhiteFideId "13401378"]
[BlackFideId "4198603"]
[EventDate "2019.01.08"]

1. e4 e5 2. Nf3 Nc6 3. Bb5 Nf6 4. O-O Nxe4 5. d4 Nd6 6. dxe5 Nxb5 7. a4 Nbd4 8.
Nxd4 d6 9. Nxc6 bxc6 10. exd6 Qxd6 11. Qf3 Be7 12. Nc3 O-O 13. Re1 Qf6 14. Qxf6
Bxf6 15. Ne4 Be5 16. c3 Bf5 17. Ng3 Bxg3 18. hxg3 c5 19. Re5 Bd7 20. Rxc5 c6 21.
Bf4 a6 22. Rd1 Ra7 23. b4 f6 24. Ra5 Rfa8 25. c4 Be6 26. Rd6 Bd7 27. Be3 Rc7 28.
b5 cxb5 29. axb5 Be8 30. Rdxa6 Rxa6 31. bxa6 Rxc4 32. a7 Bc6 33. a8=Q+ Bxa8 34.
Rxa8+ Kf7 35. Ra7+ Kg6 36. Bf4 Rd4 37. Ra6 h5 38. Bd6 Rd1+ 39. Kh2 Rd2 40. f3
Rd3 41. Ba3 Rd7 42. Bc5 Rc7 43. Bg1 Rd7 44. Ra7 Rd5 45. Rc7 Rd1 46. Bc5 Rd8 47.
Kh3 Ra8 48. g4 hxg4+ 49. Kxg4 Ra4+ 50. f4 Ra8 51. Kf3 Re8 52. g4 Rb8 53. f5+ Kh6
54. Kf4 Ra8 55. Rb7 Rc8 56. Be3 Rc4+ 57. Kg3+ Kh7 58. g5 fxg5 59. f6 Kg6 60. f7
Rc8 61. Bc5 1-0

[Event "PRO League Group Stage"]
[Site "chess.com INT"]
[Date "2019.02.26"]
[Round "8"]
[White "Sevian, Samuel"]
[Black "Grabinsky, Joshua"]
[Result "1-0"]
[WhiteTitle "GM"]
[BlackTitle "CM"]
[WhiteElo "2647"]
[BlackElo "2078"]
[WhiteTeam "Montclair Sopranos"]
[BlackTeam "Webster Windmills"]
[WhiteFideId "2040506"]
[BlackFideId "30919754"]
[EventDate "2019.01.08"]

1. Nf3 Nf6 2. g3 e6 3. Bg2 d5 4. O-O Be7 5. d3 O-O 6. Nbd2 c5 7. e4 Nc6 8. e5
Nd7 9. Re1 Qc7 10. Qe2 b5 11. Nf1 Bb7 12. Bf4 d4 13. a3 Nb6 14. h4 c4 15. N1h2
Nd5 16. Bg5 Ba6 17. Ng4 h5 18. Ngh2 Rae8 19. Bxe7 Rxe7 20. Ng5 g6 21. Nhf3 cxd3
22. Qxd3 Qb6 23. b4 Rc7 24. Nxe6 fxe6 25. Qxg6+ Kh8 26. Qh6+ Kg8 27. Qxe6+ Kg7
28. Qxd5 Bb7 29. e6 Ne7 30. Qxh5 Bxf3 31. Bxf3 Ng6 32. Be4 Qxe6 33. Bxg6 Qxg6
34. Qe5+ Qf6 35. Qxc7+ Rf7 36. Qf4 1-0

[Event "PRO League Group Stage"]
[Site "chess.com INT"]
[Date "2019.02.26"]
[Round "8"]
[White "Azarov, Sergei"]
[Black "Saric, Ivan"]
[Result "1/2-1/2"]
[WhiteTitle "GM"]
[BlackTitle "GM"]
[WhiteElo "2575"]
[BlackElo "2690"]
[WhiteTeam "New York Marshalls"]
[BlackTeam "Montreal Chessbrahs"]
[WhiteFideId "13501470"]
[BlackFideId "14508150"]
[EventDate "2019.01.08"]

1. e4 g6 2. d4 Bg7 3. Nf3 d6 4. Nc3 a6 5. Bg5 b5 6. a4 b4 7. Nd5 a5 8. Bc4 c6 9.
Ne3 Nf6 10. Bxf6 exf6 11. O-O O-O 12. Re1 Re8 13. Qd3 Nd7 14. Qb3 Re7 15. d5 c5
16. Bb5 Rxe4 17. Bc6 Ra7 18. Nd2 Re7 19. Ndc4 Ne5 20. f4 Nxc4 21. Nxc4 f5 22.
Qd3 Bd4+ 23. Kf1 Ba6 24. Bb5 Bb7 25. c3 bxc3 26. Rxe7 Qxe7 27. bxc3 Bf6 28. Re1
Qc7 29. Re8+ Kg7 30. g3 Ra8 31. Rxa8 Bxa8 32. Kf2 Bb7 33. h4 h6 34. Ne3 c4 35.
Qxc4 Qxc4 36. Nxc4 Bxd5 37. Nxa5 Bxc3 38. Nc4 Bb4 39. a5 Bxc4 40. Bxc4 Bxa5 41.
Kf3 Be1 42. Bd5 f6 43. Bc4 g5 44. h5 Kf8 45. Be6 Ke7 46. Bxf5 d5 47. fxg5 fxg5
48. g4 Kf6 49. Ke2 Ba5 1/2-1/2

[Event "PRO League Group Stage"]
[Site "chess.com INT"]
[Date "2019.02.26"]
[Round "8"]
[White "Zhigalko, Sergei"]
[Black "Hansen, Eric"]
[Result "1-0"]
[WhiteTitle "GM"]
[BlackTitle "GM"]
[WhiteElo "2604"]
[BlackElo "2615"]
[WhiteTeam "New York Marshalls"]
[BlackTeam "Montreal Chessbrahs"]
[WhiteFideId "13502956"]
[BlackFideId "2606771"]
[EventDate "2019.01.08"]

1. e4 c5 2. Nf3 e6 3. c3 Nf6 4. e5 Nd5 5. Bc4 Nc6 6. d4 cxd4 7. cxd4 d6 8. O-O
Be7 9. Bd2 O-O 10. Nc3 Nxc3 11. Bxc3 Qb6 12. a3 Bd7 13. Qd2 Rad8 14. Rfe1 dxe5
15. dxe5 Be8 16. Bd3 Bc5 17. Red1 Rd5 18. b4 Be7 19. Qc2 g6 20. h4 a5 21. b5
Rxb5 22. Bxb5 Qxb5 23. Rdb1 Qa6 24. Bd2 Bd7 25. Bg5 Bxg5 26. Nxg5 Nd4 27. Qc7
Bc6 28. Qe7 Qe2 29. Nxh7 Kxh7 30. Qxf8 Qg4 31. Qxf7+ Kh8 32. Qf8+ Kh7 33. Rxb7+
Bxb7 34. Qf7+ Kh6 35. Qxb7 Ne2+ 36. Kf1 Qc4 37. Re1 Nf4+ 38. Kg1 Nd3 39. Rf1
Nxe5 40. Qb8 Nf7 41. Qg3 e5 42. Re1 Qd4 43. Qe3+ 1-0

[Event "PRO League Group Stage"]
[Site "chess.com INT"]
[Date "2019.02.26"]
[Round "8"]
[White "Sai, Krishna G V"]
[Black "Xu, Grant"]
[Result "1-0"]
[WhiteTitle "IM"]
[WhiteElo "2409"]
[BlackElo "2207"]
[WhiteTeam "Montreal Chessbrahs"]
[BlackTeam "New York Marshalls"]
[WhiteFideId "5028280"]
[BlackFideId "2052318"]
[EventDate "2019.01.08"]

1. e4 e6 2. d4 d5 3. Nc3 Bb4 4. e5 c5 5. a3 Bxc3+ 6. bxc3 Ne7 7. Qg4 Qc7 8. Qxg7
Rg8 9. Qxh7 cxd4 10. Ne2 Nbc6 11. f4 Bd7 12. Qd3 dxc3 13. Nxc3 a6 14. Rb1 Rc8
15. Bd2 Na5 16. h4 Nf5 17. Rh3 Nc4 18. h5 Nxa3 19. Rb3 Bb5 20. Nxb5 Nxb5 21. c3
Qc5 22. h6 Qg1 23. h7 Rh8 24. Rb1 Rc4 25. Qf3 Re4+ 26. Kd1 Nxc3+ 27. Qxc3 Qxf1+
28. Kc2 Nd4+ 29. Kb2 Qb5+ 30. Ka3 Qd7 31. Rg3 Nb5+ 32. Rxb5 Qxb5 33. Qc8+ Ke7
34. Qc7+ Qd7 35. Qc5+ Kd8 36. Ba5+ Ke8 37. Rg8+ 1-0

[Event "PRO League Group Stage"]
[Site "chess.com INT"]
[Date "2019.02.26"]
[Round "8"]
[White "Rodrigue-Lemieux, Shawn"]
[Black "Khamrakulov, Djurabek"]
[Result "0-1"]
[WhiteTitle "FM"]
[BlackTitle "GM"]
[WhiteElo "2293"]
[BlackElo "2503"]
[WhiteTeam "Montreal Chessbrahs"]
[BlackTeam "New York Marshalls"]
[WhiteFideId "2620049"]
[BlackFideId "14201143"]
[EventDate "2019.01.08"]

1. e4 c6 2. d4 d5 3. exd5 cxd5 4. Nf3 Nf6 5. Ne5 g6 6. Bd3 Bg7 7. O-O O-O 8. c3
Nfd7 9. f4 Nxe5 10. fxe5 f6 11. exf6 exf6 12. Nd2 Nc6 13. Nf3 Qc7 14. Nh4 Be6
15. Bf4 Qd7 16. Qf3 Bg4 17. Qf2 g5 18. h3 Be6 19. Rae1 gxh4 20. Qxh4 f5 21. Rf3
Ne7 22. Bb5 Qxb5 23. Qxe7 Rae8 24. Qg5 Rf6 25. b3 Rg6 26. Qh4 Bf7 27. Rfe3 Re4
28. Qd8+ Qe8 29. Qc7 Qc6 30. Qb8+ Bf8 31. Be5 a5 32. a4 Be6 33. Qd8 f4 34. Rxe4
dxe4 35. c4 Bxh3 36. Bxf4 Rxg2+ 37. Kh1 Rg6 38. d5 Qc5 39. Qh4 Bg2+ 40. Kh2 Bf3
41. Bg3 Rh6 0-1

[Event "PRO League Group Stage"]
[Site "chess.com INT"]
[Date "2019.02.26"]
[Round "8"]
[White "Caruana, Fabiano"]
[Black "Le, Tuan Minh"]
[Result "1-0"]
[WhiteTitle "GM"]
[BlackTitle "IM"]
[WhiteElo "2828"]
[BlackElo "2515"]
[WhiteTeam "Saint Louis Arch Bishops"]
[BlackTeam "Pittsburgh Pawngrabbers"]
[WhiteFideId "2020009"]
[BlackFideId "12401153"]
[EventDate "2019.01.08"]

1. e4 c5 2. Nf3 d6 3. d4 cxd4 4. Nxd4 Nf6 5. Nc3 g6 6. Be3 Bg7 7. f3 O-O 8. Qd2
Nc6 9. O-O-O d5 10. exd5 Nxd5 11. Nxc6 bxc6 12. Bd4 Bxd4 13. Qxd4 Qb6 14. Na4
Qc7 15. Nc5 Rd8 16. Bc4 Bf5 17. Bb3 Nb6 18. Qe3 Nd5 19. Qd4 Nb6 20. Qe3 Nd5 21.
Qf2 h5 22. g3 a5 23. Rhe1 Nb6 24. a4 Nd5 25. Rd2 Nb4 26. Red1 Rxd2 27. Qxd2 Qe5
28. Qc3 Qe2 29. Re1 Qxh2 30. Rxe7 Qg1+ 31. Re1 Qxg3 32. Qe3 Rf8 33. Rg1 Qh2 34.
Ne4 Bxe4 35. fxe4 Kh7 36. Rf1 Qg2 37. Rd1 Re8 38. Qf4 Qxe4 39. Qxf7+ Kh6 40. Kb1
Rd8 41. Rg1 Re8 42. Rd1 Rd8 43. Rg1 Re8 44. Qf1 Nd5 45. Qf2 Qe3 46. Qg2 Qe1+ 47.
Rxe1 Rxe1+ 48. Ka2 Nb4+ 49. Ka3 Ra1+ 50. Ba2 Nxa2 51. Qd2+ Kh7 52. Qxa5 h4 53.
b3 Nc3+ 54. Kb2 Rf1 55. Qxc3 1-0

[Event "PRO League Group Stage"]
[Site "chess.com INT"]
[Date "2019.02.26"]
[Round "8"]
[White "So, Wesley"]
[Black "Yu, Jennifer"]
[Result "1-0"]
[WhiteTitle "GM"]
[BlackTitle "FM"]
[WhiteElo "2765"]
[BlackElo "2313"]
[WhiteTeam "Saint Louis Arch Bishops"]
[BlackTeam "Pittsburgh Pawngrabbers"]
[WhiteFideId "5202213"]
[BlackFideId "2078341"]
[EventDate "2019.01.08"]

1. c4 c5 2. Nf3 Nf6 3. Nc3 Nc6 4. d4 cxd4 5. Nxd4 g6 6. e4 Bg7 7. Be3 O-O 8. Be2
d6 9. O-O a6 10. Qd2 Qc7 11. Rac1 Ne5 12. b3 Neg4 13. Bg5 h6 14. Bxg4 hxg5 15.
Bxc8 Raxc8 16. Qxg5 Nxe4 17. Nxe4 Bxd4 18. Rcd1 Bg7 19. Rd3 Qd7 20. Re1 Rfe8 21.
Qh4 Qf5 22. Rf3 Qa5 23. Rfe3 Qh5 24. Qxh5 1-0